000 00691nam a2200169 4500
001 113343
003 ES-MaACL
005 20230906185843.0
007 t|
008 061121s1986 sp r ||||1| spa d
100 1 _aPalacios, Antonio.
_988390
245 1 0 _aAntonio Palacios y el Hospital de Maudes en la memoria arquitectónica de Madrid.
260 _aMadrid :
_bComunidad, Centro de Información y Documentación, Consejería de Ordenación del Territorio, Medio Ambiente y Vivienda,
_c1986.
300 _a2 v. :
_bil. ;
_c30 cm.
710 0 0 _aMadrid (Comunidad Autónoma).
_bConsejería de Ordenación del Territorio, Medio Ambiente y Vivienda.
_95605
852 _aES-MaACL
_jG-3979-80
999 _c113343
_d113343